<?xml version="1.0" encoding="UTF-8"?><marc:collection xmlns:marc="http://www.loc.gov/MARC21/slim">
  <marc:record>
    <marc:leader>00000nam  2200000za 4500</marc:leader>
    <marc:controlfield tag="001">9.560579</marc:controlfield>
    <marc:controlfield tag="003">CaOODSP</marc:controlfield>
    <marc:controlfield tag="005">20240527135425</marc:controlfield>
    <marc:controlfield tag="007">cr |||||||||||</marc:controlfield>
    <marc:controlfield tag="008">150406s2006||||xxc|||||o    f|0| 0 eng d</marc:controlfield>
    <marc:datafield tag="020" ind1=" " ind2=" ">
      <marc:subfield code="a">0-662-43320-3</marc:subfield>
    </marc:datafield>
    <marc:datafield tag="040" ind1=" " ind2=" ">
      <marc:subfield code="a">CaOODSP</marc:subfield>
      <marc:subfield code="b">eng</marc:subfield>
    </marc:datafield>
    <marc:datafield tag="043" ind1=" " ind2=" ">
      <marc:subfield code="a">n-cn---</marc:subfield>
    </marc:datafield>
    <marc:datafield tag="086" ind1="1" ind2=" ">
      <marc:subfield code="a">CW69-14/505-2006E-PDF</marc:subfield>
    </marc:datafield>
    <marc:datafield tag="110" ind1="2" ind2=" ">
      <marc:subfield code="a">Canadian Wildlife Service.</marc:subfield>
    </marc:datafield>
    <marc:datafield tag="245" ind1="1" ind2="0">
      <marc:subfield code="a">COSEWIC assessment and status report on the Western Painted Turtle, Chrysemys picta bellii, Pacific Coast population, Intermountain - Rocky Mountain population, Prairie/Western Boreal - Canadian Shield population, in Canada  </marc:subfield>
      <marc:subfield code="h">[electronic resource] / </marc:subfield>
      <marc:subfield code="c">Committee on the Status of Endangered Wildlife in Canada.</marc:subfield>
    </marc:datafield>
    <marc:datafield tag="260" ind1=" " ind2=" ">
      <marc:subfield code="b">Environment Canada. </marc:subfield>
      <marc:subfield code="c">2006.</marc:subfield>
    </marc:datafield>
    <marc:datafield tag="300" ind1=" " ind2=" ">
      <marc:subfield code="a">47p.</marc:subfield>
      <marc:subfield code="b">maps (some coloured), references, tables, photographs</marc:subfield>
    </marc:datafield>
    <marc:datafield tag="500" ind1=" " ind2=" ">
      <marc:subfield code="a">"Pacific Coast population - endangered, Intermountain-Rocky Mountain population - special concern, Prairie/Western Boreal-Canadian Shield population - not at risk, 2006".</marc:subfield>
    </marc:datafield>
    <marc:datafield tag="500" ind1=" " ind2=" ">
      <marc:subfield code="a">Also available in French under title: Évaluation et rapport de situation du COSEPAC sur la Tortue peinte de l'Ouest (Chrysemys picta bellii) (population de la côte du Pacifique, population intramontagnarde - des Rocheuses et la population des Prairies/Boréale de l’Ouest – Bouclier canadien) au Canada. </marc:subfield>
    </marc:datafield>
    <marc:datafield tag="504" ind1=" " ind2=" ">
      <marc:subfield code="a">Bibliography.</marc:subfield>
    </marc:datafield>
    <marc:datafield tag="590" ind1=" " ind2=" ">
      <marc:subfield code="a">07-05</marc:subfield>
      <marc:subfield code="b">2007-02-02</marc:subfield>
    </marc:datafield>
    <marc:datafield tag="690" ind1="0" ind2="7">
      <marc:subfield code="a">Endangered species</marc:subfield>
      <marc:subfield code="2">gcpds</marc:subfield>
    </marc:datafield>
    <marc:datafield tag="690" ind1="0" ind2="7">
      <marc:subfield code="a">Reptiles</marc:subfield>
      <marc:subfield code="2">gcpds</marc:subfield>
    </marc:datafield>
    <marc:datafield tag="775" ind1="0" ind2="8">
      <marc:subfield code="t">Évaluation et rapport de situation du COSEPAC sur la Tortue peinte de l'Ouest, Chrysemys picta bellii, population de la côte du Pacifique, population intramontagnarde - des Rocheuses, population des Prairies / Boréale de l'Ouest - Bouclier canadien, au Canada </marc:subfield>
      <marc:subfield code="w">(CaOODSP)9.593246</marc:subfield>
    </marc:datafield>
    <marc:datafield tag="794" ind1=" " ind2=" ">
      <marc:subfield code="t">COSEWIC assessment and status report on the Western Painted Turtle, Chrysemys picta bellii, Pacific Coast population, Intermountain – Rocky Mountain population, Prairie/Western Boreal – Canadian Shield population, in Canada </marc:subfield>
      <marc:subfield code="w">(CaOODSP)9.833135</marc:subfield>
    </marc:datafield>
    <marc:datafield tag="856" ind1="4" ind2="0">
      <marc:subfield code="a">http://publications.gc.ca</marc:subfield>
      <marc:subfield code="q">PDF</marc:subfield>
      <marc:subfield code="s">740 KB</marc:subfield>
      <marc:subfield code="u">https://publications.gc.ca/collections/Collection/CW69-14-505-2006E.pdf</marc:subfield>
    </marc:datafield>
  </marc:record>
</marc:collection>
